| 000 | 00658 a2200253 4500 | ||
|---|---|---|---|
| 003 | Nust | ||
| 005 | 20230123124859.0 | ||
| 010 | _a 2005051896 | ||
| 020 | _a0060843306 (acid-free paper) | ||
| 035 | _a(OCoLC)ocm61362183 | ||
| 040 | _cNust | ||
| 082 | 0 | 0 | _a813.6,SCH |
| 100 | 1 |
_aSchechter, Peter. _9107432 |
|
| 245 | 1 | 0 |
_aPoint of entry : _ba novel / _cPeter Schecther. |
| 250 | _a1st ed. | ||
| 260 |
_aNew York : _bRayo, _cc2006. |
||
| 300 |
_aviii, 323 p. ; _c24 cm. |
||
| 650 | 0 |
_aDrug couriers _9107433 |
|
| 650 | 0 |
_aNovel _92525 |
|
| 650 | 0 |
_aSmuggling _9107434 |
|
| 650 | 0 |
_aUranium _9107435 |
|
| 655 | 7 | _aSuspense fiction. | |
| 942 |
_2ddc _cBK |
||
| 999 |
_c190496 _d190496 |
||